NONLINEAR AND DYNAMIC PROGRAMMING (Record no. 5239)

MARC details
000 -LEADER
fixed length control field 00316nam a2200121Ia 4500
008 - FIXED-LENGTH DATA ELEMENTS--GENERAL INFORMATION
fixed length control field 240624s9999 xx 000 0 und d
041 ## - LANGUAGE CODE
Language code of text/sound track or separate title eng
082 ## - DEWEY DECIMAL CLASSIFICATION NUMBER
Classification number 519.76 HAD
100 ## - MAIN ENTRY--PERSONAL NAME
Personal name HADLEY G
245 ## - TITLE STATEMENT
Title NONLINEAR AND DYNAMIC PROGRAMMING
260 ## - PUBLICATION, DISTRIBUTION, ETC.
Date of publication, distribution, etc. 1964
Place of publication, distribution, etc. Reading
Name of publisher, distributor, etc. Addison Wesley
300 ## - PHYSICAL DESCRIPTION
Extent xi, : 484 : p. : cm. ; 25
Holdings
Withdrawn status Lost status Damaged status Not for loan Home library Current library Shelving location Date acquired Total Checkouts Full call number Barcode Date last seen Date last checked out Price effective from Koha item type
        IMTN IMTN Rack 19-A 05/15/2007 1 519.76 HAD 5239 07/12/2024 07/06/2024 06/24/2024 Books
Designed & Maintained by: LRC IMT Nagpur Contact: lrc@imtnag.ac.in© 2024. All Rights Reserved.